000 01761nam a2200385 a 4500
999 _c143018
_d143018
003 BLK
005 20240228104952.0
008 180409b bul|||||r ||||||| ||bul||
010 _aKNG00149122000
040 _aBLK
041 _aBUL
_cBUL
072 7 _2bullib
_aК
_xКраезнание
072 7 _2bullib
_aРА
_xРусенски автори
080 _aБългарска литература
_b821.163.2
_x-93-1
_z821.163.2-93-1
100 _aЦанев, Иван
_gПоет. Литературовед. Преводач от гръцки и унгарски език.
_d1941-
_qИванов, Иван Цанев
_9364167
139 _aЦанев, Иван
_bЦ 16
245 1 0 _aЗарчета-велизарчета
_bЗадачки и закачки : За предучилищна възраст
_cИван Цанев; худож. Олга Паскалева; * Иван Цанев Иванов.
257 _aBGR
260 _bБълг. писател
_c1989
_fВраца : В. Александров
_aСофия
300 _a60 с.
_bс цв. ил.
_c23Х23 см
380 _aDX
500 _aПълното име на авт. е Иван Цанев Иванов. - 14 000 тир.
659 _aК
700 1 _aПаскалева, Олга
_eхудож.
_9365148
700 1 _aИванов, Иван Цанев
_e*
_9327814
852 _aЦб 262358
852 _aК 821.163.2/Ц 16 И
856 4 _qpdf
_i0.00
_ldisable
856 4 _qpdf
_i0.00
_ldisable
942 _cKNG
_n0
_s1
944 _aCR
_c09.08.2013
_lГеновева Генчева
_k30560
944 _aED
_c13.09.2017
_l09.08.2013 - от С1,Р / 09.08.2013
_kСевдалина_Василева
999 _d143018
999 _d143018